Music Quiz

Random Music or Artist Quiz

4-Letter Hit Songs Quiz Stats

 Plays Quiz Updated Nov 6, 2018

Score 0/80 Timer 08:00
1 Play Today
Year (Rank) Song % Correct
1984 (1)Jump
61.2%
1992 (1)Jump
61.2%
1955 (4)He
59.6%
2013 (3)Stay
56.7%
2010 (5)Baby
48.5%
1970 (1)ABC
45.1%
1979 (2)Y.M.C.A.
42.5%
2013 (1)Roar
42.3%
1965 (1)Help!
41.3%
2001 (3)Hero
41.2%
1993 (1)Hero
41.2%
2002 (3)Hero
41.2%
1960 (1)Stay
38.6%
1992 (4)Stay
38.6%
1994 (1)Stay
38.6%
1987 (1)Bad
38.1%
2016 (3)No
37.5%
2004 (1)Yeah!
37.4%
2008 (1)Low
35.6%
2014 (1)Rude
33.3%
1975 (1)Fame
32.6%
1980 (4)Fame
32.6%
1972 (1)Ben
30.6%
1986 (1)Kiss
25.5%
2016 (1)Work
25.4%
2016 (5)Ride
23.3%
1983 (4)True
22.8%
1995 (4)Baby
22.6%
2010 (3)Mine
22.2%
2016 (5)Here
21.4%
2009 (1)Down
21.3%
1968 (2)Fire
20.3%
1975 (1)Fire
20.3%
1979 (2)Fire
20.3%
1980 (1)Lady
20.2%
1969 (5)One
20%
2000 (5)I Try
19.9%
1979 (1)Babe
18.8%
1970 (1)War
18.1%
2009 (5)Halo
17.6%
Year (Rank) Song % Correct
1987 (3)Luka
17.4%
2004 (1)Burn
17%
2006 (1)SOS
15.6%
1971 (4)If
14.4%
1993 (4)If
14.4%
1990 (3)Roam
13.2%
2017 (4)iSpy
12.7%
1979 (5)Gold
12%
2010 (1)OMG
11.8%
1968 (4)Hush
11.8%
1959 (1)Why
11.7%
2011 (1)E.T.
11.6%
1996 (5)Name
11.3%
1986 (1)Sara
10.7%
2011 (1)S&M
10.5%
1958 (5)When
10.3%
1990 (2)Pray
9.6%
1998 (3)Adia
9.4%
1957 (4)Gone
9.2%
1973 (3)Sing
9.2%
2005 (2)Oh
9%
1977 (4)Easy
8.4%
1961 (4)Hurt
8.4%
2000 (1)Bent
8.3%
2007 (5)Bed
8.2%
1958 (1)Don't
8.1%
1969 (2)Hair
7.6%
1993 (4)Slam
7.3%
1979 (1)Rise
6.4%
1956 (4)More
6.2%
1962 (5)Ride
6.1%
1993 (1)Weak
4.8%
2003 (4)Damn!
4.3%
1969 (2)Jean
4.1%
1974 (1)T.S.O.P.
4.1%
1980 (4)Oh No
3.5%
1989 (3)Roni
2.9%
1977 (3)Dazz
2.9%
1964 (4)Java
2.2%
1971 (3)Yo-Yo
1.9%

You're not logged in!

Compare scores with friends on all Sporcle quizzes.
OR
Log In

Sporcle TV

Today on Sporcle TV


Watch our educational content, quiz creation guides, and fun videos on Sporcle TV.

Show Comments

Extras

Top Quizzes Today


Score Distribution

Your Account Isn't Verified!

In order to create a playlist on Sporcle, you need to verify the email address you used during registration. Go to your Sporcle Settings to finish the process.

Report this User

Report this user for behavior that violates our Community Guidelines.

Details: